Statistics for Jeopardy #8473

Click here to take the quiz!

General Stats

  • This quiz has been taken 42 times
  • The average score is 14 of 61

Answer Stats

CategoryCashClueAnswer% Correct
AIR TRAVEL$200This airline launched its frequent-flyer AAdvantage program in 1981American Airlines
74%
WHAT A WEEK!$400National Aviation Week takes place the week of August 19, the birthday of this younger & first airborne brotherOrville Wright
70%
WHAT A WEEK!$200The 31st of this month is the last day of Bat Week (of course)October
65%
WORLD HISTORY$2000As a result of the Mau Mau movement against colonial rule, a state of emergency was called in this country in 1952Kenya
57%
ACRONYMS & ABBREVIATIONS$400Your best time in a race is your PR, short for thispersonal record
57%
NATIONAL PARK COUNTRIES$200Killarney National ParkIreland
52%
AIR TRAVEL$400This happens to you figuratively when you lose your seat on an overbooked plane or literally when the drink cart hits your elbowbumped
48%
ACRONYMS & ABBREVIATIONS$800The cosmetics brand e.l.f. is an acronym for these 3 areas where its products are usedeyes, lips, face
48%
MOVIE TIME$200This company made special volleyballs with its name on only one side for "Cast Away" so a face could be painted on itWilson
48%
AIR TRAVEL$600For years a sign painted on a roof in this Wisconsin city said "Welcome to Cleveland" to prank airline passengersMilwaukee
43%
MOVIE TIME$600Marge Champion, the model for this title character of a 1937 Disney film, was briefly married to the animator who developed GoofySnow White
43%
NATIONAL PARK COUNTRIES$1000Serengeti National ParkTanzania
43%
MOVIE TIME$800In this film, Morgan Freeman says the prison library should file "The Count of Monte Cristo" with the educational booksThe Shawshank Redemption
43%
NATIONAL PARK COUNTRIES$600Lake District National ParkUnited Kingdom
43%
ACRONYMS & ABBREVIATIONS$1000When talking about dates, B.C.E. stands for thisBefore Common Era
39%
WORLD HISTORY$400In 1582 the Gregorian one of these began to replace the Julian onecalendar
39%
NEW YORK: NEWS CLUES$200(Hi, I'm Bill Ritter.) You know, it's always hard to find parking around Manhattan, but on January 15, 2009, Captain "Sully" Sullenberger saved 155 lives with an emergency landing of US Airways Flight 1549 in this river on the West SideHudson
39%
WORLD HISTORY$800Twice in the 1800s China & Britain went to war over this drugopium
39%
WHAT A WEEK!$1000Late June brings Awareness Week for the big ants named for this occupation; they damage homes by removing wood for their nestscarpenter
30%
ACRONYMS & ABBREVIATIONS$600The CFPB, this Financial Protection Bureau, makes sure you are treated fairly by banks, lenders & financial companiesConsumer
30%
ACRONYMS & ABBREVIATIONS$200I am so sorry that I didn't RSPV to your party, RSVP meaning respondez, this polite phrases\'il vous plaît
30%
WHAT A WEEK!$600Once National Secretaries Week, the last full week in April is now called these "Professionals Week"Administrative
26%
WHAT A WEEK!$800One sponsor of Banned Books Week, which opposes censorship & celebrates the right to read, is the ALA, short for thisthe American Library Association
26%
MOVIE TIME$4001966's "The Silencers" was the first movie with a scene after these, a teaser for the next Matt Helm spy adventurethe credits
26%
NEW YORK: NEWS CLUES$400(Hi, I'm Lee Goldberg.) Literally stepping up to home plate after a grim medical diagnosis, on July 4, 1939, this Yankee said the following--"Today, I consider myself the luckiest man on the face of the Earth.”(Lou) Gehrig
22%
__R__M$400Study all night for a test the next morningcram
17%
NATIONAL PARK COUNTRIES$800Tikal National ParkGuatemala
17%
NATIONAL PARK COUNTRIES$400Masada National ParkIsrael
17%
__R__M$1200It's what a British nanny pushes the baby inpram
17%
INSPIRED CHARACTERS$400Sailor Alexander Selkirk was likely one of several inspirations for this 1719 shipwrecked characterRobinson Crusoe
17%
THE FACT OF THE MATTER$400Strong atomic bonds & rigid shapes are characteristics of this phase of mattersolid
17%
AIR TRAVEL$800In 2019, the biggest new terminal opening in the U.S. in a decade was celebrated at this city's airport with a second line paradeNew Orleans
13%
__R__M$2000This city north of Provo was named for the president of the Salt Lake & Utah RailroadOrem
13%
__R__M$800In an idiom it precedes "and proper"prim
13%
NEW YORK: NEWS CLUES$800(Hi, I'm Ryan Field.) Extending from Manhattan's southern tip up Broadway to City Hall, the Canyon of Heroes has hosted many ticker tape parades, including one for the U.S. National Women's Team's huge win in this sport in 2019soccer
13%
COMEDY ON TV$1200Betty White & Estelle Getty received Emmy nominations all 7 seasons this show was on the airThe Golden Girls
13%
__R__M$1600It can be a small amount of alcohol, or 1/8 of a fluid ouncea dram
9%
MOVIE TIME$1000This legendary Italian composer was 87 when he finally won his first competitive Oscar for "The Hateful Eight"(Ennio) Morricone
9%
AIR TRAVEL$1000Only the "B" in the middle of this airline's colorful name is capitalized in its logojetBlue
9%
NEW YORK: NEWS CLUES$600(Hi, I'm Sade Baderinwa.) As part of a New York city tradition that began in 1962, many movie stars, including James Earl Jones as Othello, & Meryl Streep in "Henry V", have interpreted the Bard as part of this projectShakespeare in the Park
9%
COMEDY ON TV$400The parents of Stan & Kyle on this show are named after the parents of their creators, Trey & MattSouth Park
9%
NEW YORK: NEWS CLUES$1000(Hi, I'm Liz Cho.) In 1879, critics wondered if New Yorkers would go all the way up Fifth Avenue to the near wilderness of 50th Street after the May 25 formal opening of this Catholic church; turns out, New Yorkers wouldSt. Patrick\'s
9%
COMEDY ON TV$1600This '70s show was inspired by a New York Magazine article about workers on the night shift at a cab companyTaxi
9%
WORLD HISTORY$1600On November 9, 1918, Philipp Scheidemann proclaimed this new German republic; he later became its first chancellor(the) Weimar (Republic)
9%
INSPIRED CHARACTERS$2000Samuel Clemens' own sweetheart Laura Hawkins was the inspiration for this "Tom Sawyer" character(Becky) Thatcher
4%
COMEDY ON TV$2000This comedian made a huge Emmy debut in 2017, with acting, writing & directing nominations for "Atlanta"Donald Glover
4%
INSPIRED CHARACTERS$1200Neal Cassady was called the "Adonis of Denver" by Allen Ginsberg & was the model for Dean Moriarty in this novelOn the Road
4%
ART & DESIGN$1200The National Company made the instruments he sings about in "Graceland"--"The Mississippi Delta was shining like National guitar"(Paul) Simon
4%
COMEDY ON TV$800This host of "Full Frontal" was once part of an all-female sketch comedy troupe called the Atomic FireballsSamantha Bee
4%
LANDMARKSN/A96 miles in total during its 3-decade existence, the most well-known part of this was about the same length as an Olympic marathonthe Berlin Wall
4%
INSPIRED CHARACTERS$800Buck Mulligan, who routinely chides Stephen Dedalus in this novel, was based on James Joyce's pal Oliver St. John GogartyUlysses
4%
ART & DESIGN$400In the 1930s Isamu Noguchi designed an early one of these for parents; the receiver was called "radio nurse"a baby monitor
0%
ART & DESIGN$2000Two-word phrase for the color & the resinous material seen here; both words contain the same 3-letter sequenceblack lacquer
0%
ART & DESIGN$1600The opening sequence for "Mystery!" on PBS was based on the work of this American illustrator of the appalling fates of children(Edward) Gorey
0%
THE FACT OF THE MATTER$800Leptons & quarks are these basic particles that don't seem to be made up of smaller units of matter--it's...elementary particles
0%
THE FACT OF THE MATTER$2000Found in 2012, it's been called the "God particle" because its discovery was thought to be key to understanding the structure of matterHiggs boson
0%
THE FACT OF THE MATTER$1600All matter shares this physical property that keeps it from responding instantly to any attempt to change its state of motioninertia
0%
INSPIRED CHARACTERS$1600-Leon Rom, a leader of King Leopold's Congo death squad, is thought by some to have inspired this 1902 Joseph Conrad characterKurtz
0%
WORLD HISTORY$1200Between the Franco-Prussian War & WWI France went through a period of peace & prosperity called this, French for "beautiful era"La Belle Époque
0%
THE FACT OF THE MATTER$1200In 1905 this first version of the theory of relativity postulated that matter & energy can be converted into each otherspecial
0%
ART & DESIGN$800In 1894 this American known for his Art Nouveau lamps created an iridescent glass he called FavrilTiffany
0%

Score Distribution

Percentile by Number Answered

Percent of People with Each Score

Your Score History

You have not taken this quiz